00521nam a2200193Ia 4500003000400000005001700004008004100021020001800062040000700080041000800087082002100095100003800116245006900154260004000223300001500263365001300278650001400291650002200305OSt20230616145215.0210423s2013 xx 000 0 und d a81-7371-428-2 cAL aeng 223a547.028 AHLC aAHLUWALIA (V K);DHINGRA (Sunita). aComprehensive practical organic chemistry: qualitative analysis. aNew DelhibUniversities Pressc2013 aix,294bPB b295cINR aChemistry aOrganic Chemistry